000 00697nam a22002172 4500
001 0000019251
005 20151217152150.0
008 101022s xx 000 0 eng d
020 _a0071432175 :
040 _aKABU
_cKABU
100 1 _aCohen, Shoshanan.
_@0000178919
245 1 0 _aStrategic supply chain management :
_bthe five disciplines for top performance /
_cShoshanan Cohen, Joseph Roussel.
250 _a1st ed.
260 _aNew York :
_bMcGraw-Hill,
_c2005.
300 _axix, 316 p.
650 0 _aBusiness logistics.
_@0000148287
700 1 _aRoussel, Joseph.
_@0000178920
852 1 _9p4355 KES
908 _a101022
950 _@1
999 _c8898
_d8898